| 000 | 00568nam a22002177a 4500 | ||
|---|---|---|---|
| 003 | OSt | ||
| 005 | 20250825100356.0 | ||
| 008 | 250825s2013 ag |||||r|||| 00| 1 spa d | ||
| 020 | _a978-950-04-3287-0 | ||
| 040 | _cBesoc | ||
| 080 | _082-31(82) | ||
| 100 | 1 |
_aRolón, Gabriel, _d1961- _eautor |
|
| 245 | 1 | 4 |
_aLos padecientes / _cGabriel Rolón. |
| 250 | _a15a ed. | ||
| 260 |
_aEmecé : _bBuenos Aires, _c2013. |
||
| 300 |
_a337 p. _c23 cm. |
||
| 490 | 0 | _aEscritores argentinos. | |
| 650 | 4 |
_aLiteratura argentina _ySiglo XX |
|
| 655 | 4 | _aNovela | |
| 942 |
_2udc _cLPD _n0 |
||
| 999 |
_c559 _d559 |
||